| 000 | 01013nam a22002057a 4500 | ||
|---|---|---|---|
| 003 | BUBTL | ||
| 008 | 220511b ||||| |||| 00| 0 eng d | ||
| 020 | _a9789843382450 | ||
| 082 | _a344.5492/ N178n/ 2016 | ||
| 100 |
_94563 _aনাসিম, এ. কে. এম |
||
| 245 |
_aনির্মলেন্দু ধরের বাংলাদেশ শ্রম ও শিল্প আইন : _bবাংলাদেশ শ্রম ও আইন, ২০০৬ / _c এ. কে. এম নাসিম |
||
| 250 | _a4th Edn. | ||
| 260 |
_aঢাকা: _bরেমিসি পাবলিশার্স, _cc2016 |
||
| 300 |
_a264 p.: _c24 cm. |
||
| 505 | _aনির্মলেন্দু ধরের বাংলাদেশ শ্রম ও শিল্প আইন, বাংলাদেশ শ্রম ও আইন, ২০০৬, এ. কে. এম নাসিম | ||
| 650 | 0 |
_926 _aLaw |
|
| 856 |
_k0 _l0 _yDownload |
||
| 942 |
_2ddc _cBK |
||
| 999 |
_c6701 _d6701 |
||